<?xml version="1.0" encoding="UTF-8"?>
<record
    xmlns:xsi="http://www.w3.org/2001/XMLSchema-instance"
    xsi:schemaLocation="http://www.loc.gov/MARC21/slim http://www.loc.gov/standards/marcxml/schema/MARC21slim.xsd"
    xmlns="http://www.loc.gov/MARC21/slim">

  <leader>00370nam a22001577a 4500</leader>
  <controlfield tag="003">OSt</controlfield>
  <controlfield tag="005">20240410102104.0</controlfield>
  <controlfield tag="008">190128b        xxu||||| |||| 00| 0 eng d</controlfield>
  <datafield tag="020" ind1=" " ind2=" ">
    <subfield code="a"> &#x200E; 8170088836</subfield>
  </datafield>
  <datafield tag="040" ind1=" " ind2=" ">
    <subfield code="c">IIMT UNIVERSITY</subfield>
  </datafield>
  <datafield tag="100" ind1=" " ind2=" ">
    <subfield code="a">PUNMIA B.C.</subfield>
  </datafield>
  <datafield tag="245" ind1=" " ind2=" ">
    <subfield code="a">SURVEYING VOL.II</subfield>
  </datafield>
  <datafield tag="260" ind1=" " ind2=" ">
    <subfield code="a">NEW DELHI</subfield>
    <subfield code="b">LAXMI PUB</subfield>
    <subfield code="c">2009</subfield>
  </datafield>
  <datafield tag="300" ind1=" " ind2=" ">
    <subfield code="a">658</subfield>
  </datafield>
  <datafield tag="942" ind1=" " ind2=" ">
    <subfield code="2">ddc</subfield>
    <subfield code="c">02</subfield>
    <subfield code="e">1ED</subfield>
  </datafield>
  <datafield tag="999" ind1=" " ind2=" ">
    <subfield code="c">44641</subfield>
    <subfield code="d">44641</subfield>
  </datafield>
  <datafield tag="952" ind1=" " ind2=" ">
    <subfield code="0">0</subfield>
    <subfield code="1">0</subfield>
    <subfield code="2">ddc</subfield>
    <subfield code="4">0</subfield>
    <subfield code="7">0</subfield>
    <subfield code="a">01</subfield>
    <subfield code="b">01</subfield>
    <subfield code="d">2019-01-28</subfield>
    <subfield code="e">127 LIBRARAY IIMT</subfield>
    <subfield code="g">270.00</subfield>
    <subfield code="l">1</subfield>
    <subfield code="o">526.9 PUN</subfield>
    <subfield code="p">01-B-128338</subfield>
    <subfield code="r">2019-07-23</subfield>
    <subfield code="s">2019-02-13</subfield>
    <subfield code="u">civil engg</subfield>
    <subfield code="w">2019-01-28</subfield>
    <subfield code="y">06</subfield>
  </datafield>
  <datafield tag="952" ind1=" " ind2=" ">
    <subfield code="0">0</subfield>
    <subfield code="1">0</subfield>
    <subfield code="2">ddc</subfield>
    <subfield code="4">0</subfield>
    <subfield code="7">0</subfield>
    <subfield code="a">01</subfield>
    <subfield code="b">01</subfield>
    <subfield code="d">2019-01-28</subfield>
    <subfield code="e">127 LIBRARAY IIMT</subfield>
    <subfield code="g">270.00</subfield>
    <subfield code="l">1</subfield>
    <subfield code="o">526.9 PUN</subfield>
    <subfield code="p">01-B-128339</subfield>
    <subfield code="r">2019-06-10</subfield>
    <subfield code="s">2019-02-13</subfield>
    <subfield code="u">civil engg</subfield>
    <subfield code="w">2019-01-28</subfield>
    <subfield code="y">02</subfield>
  </datafield>
  <datafield tag="952" ind1=" " ind2=" ">
    <subfield code="0">0</subfield>
    <subfield code="1">0</subfield>
    <subfield code="2">ddc</subfield>
    <subfield code="4">0</subfield>
    <subfield code="7">0</subfield>
    <subfield code="a">01</subfield>
    <subfield code="b">01</subfield>
    <subfield code="d">2019-01-28</subfield>
    <subfield code="e">127 LIBRARAY IIMT</subfield>
    <subfield code="g">270.00</subfield>
    <subfield code="o">526.9 PUN</subfield>
    <subfield code="p">01-B-128340</subfield>
    <subfield code="r">2019-01-28</subfield>
    <subfield code="u">civil engg</subfield>
    <subfield code="w">2019-01-28</subfield>
    <subfield code="y">02</subfield>
  </datafield>
  <datafield tag="952" ind1=" " ind2=" ">
    <subfield code="0">0</subfield>
    <subfield code="1">0</subfield>
    <subfield code="2">ddc</subfield>
    <subfield code="4">0</subfield>
    <subfield code="7">0</subfield>
    <subfield code="a">01</subfield>
    <subfield code="b">01</subfield>
    <subfield code="d">2019-01-28</subfield>
    <subfield code="e">127 LIBRARAY IIMT</subfield>
    <subfield code="g">270.00</subfield>
    <subfield code="l">1</subfield>
    <subfield code="o">526.9 PUN</subfield>
    <subfield code="p">01-B-128341</subfield>
    <subfield code="r">2019-06-10</subfield>
    <subfield code="s">2019-02-18</subfield>
    <subfield code="u">civil engg</subfield>
    <subfield code="w">2019-01-28</subfield>
    <subfield code="y">02</subfield>
  </datafield>
  <datafield tag="952" ind1=" " ind2=" ">
    <subfield code="0">0</subfield>
    <subfield code="1">0</subfield>
    <subfield code="2">ddc</subfield>
    <subfield code="4">0</subfield>
    <subfield code="7">0</subfield>
    <subfield code="a">01</subfield>
    <subfield code="b">01</subfield>
    <subfield code="d">2019-01-28</subfield>
    <subfield code="e">127 LIBRARAY IIMT</subfield>
    <subfield code="g">270.00</subfield>
    <subfield code="o">526.9 PUN</subfield>
    <subfield code="p">01-B-128342</subfield>
    <subfield code="r">2019-01-28</subfield>
    <subfield code="u">civil engg</subfield>
    <subfield code="w">2019-01-28</subfield>
    <subfield code="y">02</subfield>
  </datafield>
  <datafield tag="952" ind1=" " ind2=" ">
    <subfield code="0">0</subfield>
    <subfield code="1">0</subfield>
    <subfield code="2">ddc</subfield>
    <subfield code="4">0</subfield>
    <subfield code="7">0</subfield>
    <subfield code="a">01</subfield>
    <subfield code="b">01</subfield>
    <subfield code="d">2019-01-28</subfield>
    <subfield code="e">127 LIBRARAY IIMT</subfield>
    <subfield code="g">270.00</subfield>
    <subfield code="o">526.9 PUN</subfield>
    <subfield code="p">01-B-128343</subfield>
    <subfield code="r">2019-01-28</subfield>
    <subfield code="u">civil engg</subfield>
    <subfield code="w">2019-01-28</subfield>
    <subfield code="y">02</subfield>
  </datafield>
  <datafield tag="952" ind1=" " ind2=" ">
    <subfield code="0">0</subfield>
    <subfield code="1">0</subfield>
    <subfield code="2">ddc</subfield>
    <subfield code="4">0</subfield>
    <subfield code="7">0</subfield>
    <subfield code="a">01</subfield>
    <subfield code="b">01</subfield>
    <subfield code="d">2019-01-28</subfield>
    <subfield code="e">127 LIBRARAY IIMT</subfield>
    <subfield code="g">270.00</subfield>
    <subfield code="l">1</subfield>
    <subfield code="o">526.9 PUN</subfield>
    <subfield code="p">01-B-128344</subfield>
    <subfield code="r">2019-06-10</subfield>
    <subfield code="s">2019-02-18</subfield>
    <subfield code="u">civil engg</subfield>
    <subfield code="w">2019-01-28</subfield>
    <subfield code="y">02</subfield>
  </datafield>
  <datafield tag="952" ind1=" " ind2=" ">
    <subfield code="0">0</subfield>
    <subfield code="1">0</subfield>
    <subfield code="2">ddc</subfield>
    <subfield code="4">0</subfield>
    <subfield code="7">0</subfield>
    <subfield code="a">01</subfield>
    <subfield code="b">01</subfield>
    <subfield code="d">2019-01-28</subfield>
    <subfield code="e">127 LIBRARAY IIMT</subfield>
    <subfield code="g">270.00</subfield>
    <subfield code="l">1</subfield>
    <subfield code="o">526.9 PUN</subfield>
    <subfield code="p">01-B-128345</subfield>
    <subfield code="r">2019-07-23</subfield>
    <subfield code="s">2019-02-19</subfield>
    <subfield code="u">civil engg</subfield>
    <subfield code="w">2019-01-28</subfield>
    <subfield code="y">02</subfield>
  </datafield>
  <datafield tag="952" ind1=" " ind2=" ">
    <subfield code="0">0</subfield>
    <subfield code="1">0</subfield>
    <subfield code="2">ddc</subfield>
    <subfield code="4">0</subfield>
    <subfield code="7">0</subfield>
    <subfield code="a">01</subfield>
    <subfield code="b">01</subfield>
    <subfield code="d">2019-01-28</subfield>
    <subfield code="e">127 LIBRARAY IIMT</subfield>
    <subfield code="g">270.00</subfield>
    <subfield code="l">1</subfield>
    <subfield code="o">526.9 PUN</subfield>
    <subfield code="p">01-B-128346</subfield>
    <subfield code="r">2019-06-08</subfield>
    <subfield code="s">2019-02-22</subfield>
    <subfield code="u">civil engg</subfield>
    <subfield code="w">2019-01-28</subfield>
    <subfield code="y">02</subfield>
  </datafield>
  <datafield tag="952" ind1=" " ind2=" ">
    <subfield code="0">0</subfield>
    <subfield code="1">0</subfield>
    <subfield code="2">ddc</subfield>
    <subfield code="4">0</subfield>
    <subfield code="7">0</subfield>
    <subfield code="a">01</subfield>
    <subfield code="b">01</subfield>
    <subfield code="d">2019-01-28</subfield>
    <subfield code="e">127 LIBRARAY IIMT</subfield>
    <subfield code="g">270.00</subfield>
    <subfield code="l">1</subfield>
    <subfield code="o">526.9 PUN</subfield>
    <subfield code="p">01-B-128347</subfield>
    <subfield code="r">2019-06-08</subfield>
    <subfield code="s">2019-02-21</subfield>
    <subfield code="u">civil engg</subfield>
    <subfield code="w">2019-01-28</subfield>
    <subfield code="y">02</subfield>
  </datafield>
</record>
